000 00362 a2200157 4500
001 149352
040 _cEscola São Tomás de Aquino
100 _aBRANCO, Samuel Murgel
240 1 0 _aCarolina e o vento
_lpor
245 1 0 _aCarolina e o vento
300 _a32
362 0 _a1998
440 1 _aModerna
697 _a*LITERATURA INFANTO JUVENIL
942 _cBK
999 _c149352
_d149352